000 00443nam a2200181Ia 4500
001 17720
005 20260306171538.0
008 260306s9999||||xx |||||||||||||| ||und||
041 _aESP
082 _a658.15
_bP26
100 _aPartal Ureña, Antonio
_eAUT
245 0 _aIntroducción a las finanzas empresariales
260 _c2013
300 _a374 páginas :
_c24 cm.
650 _aGEN
654 _aCAN
942 _cLIB
_dJUS
_fJUS
_2ddc
_n
999 _c17720
_d17720